000 00599nam a2200205 u 4500
005 20220910063648.0
008 150901s2008 r 000 0 eng d
020 _a9789568209360
035 _aUPN01000205523
049 _aI
050 4 _aPZ74.3
_bP3.2
100 1 _aPalacios, Francisca
_938264
245 1 0 _aAnimaletras /
_cFrancisca Palacios ; il. Alejandra Oviedo.
260 _aSantiago de Chile :
_bAmanuta,
_c2008.
300 _a[32] p. :
_bil. col.
440 0 _aÑandú
650 7 _aPoesía infantil
_2
_91259
650 4 _aALFABETO -
_vLITERATURA INFANTIL
_911217
905 _aInfantil
999 _c177624
_d177624